<?xml version="1.0" encoding="UTF-8"?>
<collection xmlns="http://www.loc.gov/MARC21/slim">
 <record>
  <leader>02463nam a22004577a 4500</leader>
  <controlfield tag="001">000097383</controlfield>
  <controlfield tag="003">CZ-PrVSE</controlfield>
  <controlfield tag="005">20110314124610.0</controlfield>
  <controlfield tag="007">ta</controlfield>
  <controlfield tag="008">070302s1970    gw d   fr     000 0 ger d</controlfield>
  <datafield tag="020" ind1=" " ind2=" ">
   <subfield code="q">(Brož.)</subfield>
  </datafield>
  <datafield tag="040" ind1=" " ind2=" ">
   <subfield code="a">ABA006</subfield>
   <subfield code="b">cze</subfield>
   <subfield code="c">ABA006</subfield>
   <subfield code="d">ABA006</subfield>
  </datafield>
  <datafield tag="041" ind1="0" ind2=" ">
   <subfield code="a">ger</subfield>
   <subfield code="a">eng</subfield>
  </datafield>
  <datafield tag="072" ind1=" " ind2="7">
   <subfield code="a">339.5</subfield>
   <subfield code="x">Zahraniční obchod. Mezinárodní obchod</subfield>
   <subfield code="2">Konspekt</subfield>
   <subfield code="9">4</subfield>
  </datafield>
  <datafield tag="072" ind1=" " ind2="9">
   <subfield code="a">382</subfield>
   <subfield code="x">International commerce (foreign trade)</subfield>
   <subfield code="2">Conspectus</subfield>
   <subfield code="9">4</subfield>
  </datafield>
  <datafield tag="080" ind1=" " ind2=" ">
   <subfield code="a">339.5:339.91</subfield>
   <subfield code="2">MRF</subfield>
  </datafield>
  <datafield tag="080" ind1=" " ind2=" ">
   <subfield code="a">339.5</subfield>
   <subfield code="2">MRF</subfield>
  </datafield>
  <datafield tag="099" ind1=" " ind2="9">
   <subfield code="a">339.5HAB</subfield>
  </datafield>
  <datafield tag="100" ind1="1" ind2=" ">
   <subfield code="a">Haberler, Gottfried von,</subfield>
   <subfield code="d">1900-1995</subfield>
   <subfield code="7">vse2007365385</subfield>
   <subfield code="4">aut</subfield>
  </datafield>
  <datafield tag="245" ind1="1" ind2="4">
   <subfield code="a">Der internationale Handel :</subfield>
   <subfield code="b">erweitert um The relevance of the theory of comparative advantage under modern conditions /</subfield>
   <subfield code="c">Gottfried Haberler</subfield>
  </datafield>
  <datafield tag="250" ind1=" " ind2=" ">
   <subfield code="a">Reprint</subfield>
  </datafield>
  <datafield tag="260" ind1=" " ind2=" ">
   <subfield code="a">Berlin :</subfield>
   <subfield code="b">Springer,</subfield>
   <subfield code="c">1970</subfield>
  </datafield>
  <datafield tag="300" ind1=" " ind2=" ">
   <subfield code="a">20, xi, 298 s. :</subfield>
   <subfield code="b">il.</subfield>
  </datafield>
  <datafield tag="490" ind1="1" ind2=" ">
   <subfield code="a">Enzyklopädie der Rechts- und Staatswissenschaft. Abteilung Staatswissenschaft ;</subfield>
   <subfield code="v">XLI</subfield>
  </datafield>
  <datafield tag="500" ind1=" " ind2=" ">
   <subfield code="a">Obsahuje rejstřík</subfield>
  </datafield>
  <datafield tag="546" ind1=" " ind2=" ">
   <subfield code="a">Část textu v angličtině</subfield>
  </datafield>
  <datafield tag="534" ind1=" " ind2=" ">
   <subfield code="p">Originál:</subfield>
   <subfield code="t">Internationale Handel : Theorie der weltwirtschaftlichen Zusammenhänge sowie Darstellung und Analyse der Aussenhandelspolitik</subfield>
   <subfield code="n">Vydáno v: Julius Springer, 1933</subfield>
  </datafield>
  <datafield tag="650" ind1="0" ind2="7">
   <subfield code="a">komparativní výhoda</subfield>
   <subfield code="7">ph333368</subfield>
   <subfield code="2">czenas</subfield>
  </datafield>
  <datafield tag="650" ind1="0" ind2="7">
   <subfield code="a">mezinárodní obchod</subfield>
   <subfield code="7">ph115283</subfield>
   <subfield code="2">czenas</subfield>
  </datafield>
  <datafield tag="655" ind1=" " ind2="7">
   <subfield code="a">studie</subfield>
   <subfield code="7">fd133597</subfield>
   <subfield code="2">czenas</subfield>
  </datafield>
  <datafield tag="650" ind1="0" ind2="9">
   <subfield code="a">comparative advantage (international trade)</subfield>
   <subfield code="2">eczenas</subfield>
  </datafield>
  <datafield tag="650" ind1="0" ind2="9">
   <subfield code="a">international trade</subfield>
   <subfield code="2">eczenas</subfield>
  </datafield>
  <datafield tag="655" ind1=" " ind2="9">
   <subfield code="a">studies</subfield>
   <subfield code="2">eczenas</subfield>
  </datafield>
  <datafield tag="830" ind1=" " ind2="0">
   <subfield code="a">Enzyklopädie der Rechts- und Staatswissenschaft.</subfield>
   <subfield code="p">Abteilung Staatswissenschaft</subfield>
  </datafield>
  <datafield tag="993" ind1=" " ind2=" ">
   <subfield code="a">000273662</subfield>
  </datafield>
  <datafield tag="996" ind1=" " ind2=" ">
   <subfield code="1">PDPZ0</subfield>
   <subfield code="3">E8250</subfield>
   <subfield code="4">PC=5789/59</subfield>
   <subfield code="5">3142327703</subfield>
   <subfield code="7">XLI  ;  1933</subfield>
   <subfield code="8">20190605</subfield>
   <subfield code="f">95</subfield>
   <subfield code="h">XLI  ;  1933</subfield>
   <subfield code="l">UEP01</subfield>
   <subfield code="m">BOOK</subfield>
   <subfield code="q">Knihovna Žižkov depoz. 0</subfield>
   <subfield code="t">prezenční - lze objednat</subfield>
   <subfield code="u">UEP01</subfield>
   <subfield code="w">20190605</subfield>
  </datafield>
  <datafield tag="996" ind1=" " ind2=" ">
   <subfield code="1">PDPZ0</subfield>
   <subfield code="3">E8250/2</subfield>
   <subfield code="4">PC=5789/59</subfield>
   <subfield code="5">3142327704</subfield>
   <subfield code="7">Zweiter Teil ; Handelspolitik (Angewandte Theorie)</subfield>
   <subfield code="8">20190605</subfield>
   <subfield code="f">95</subfield>
   <subfield code="h">Zweiter Teil ; Handelspolitik (Angewandte Theorie)</subfield>
   <subfield code="l">UEP01</subfield>
   <subfield code="m">BOOK</subfield>
   <subfield code="q">Knihovna Žižkov depoz. 0</subfield>
   <subfield code="t">prezenční - lze objednat</subfield>
   <subfield code="u">UEP01</subfield>
   <subfield code="w">20190605</subfield>
  </datafield>
  <datafield tag="996" ind1=" " ind2=" ">
   <subfield code="1">PDPZ2</subfield>
   <subfield code="3">F116913a</subfield>
   <subfield code="4">N:G; PC=5481/71</subfield>
   <subfield code="5">3142238688</subfield>
   <subfield code="8">20100701</subfield>
   <subfield code="9">339.5HAB</subfield>
   <subfield code="f">81</subfield>
   <subfield code="l">UEP01</subfield>
   <subfield code="m">BOOK</subfield>
   <subfield code="q">Knihovna Žižkov depoz. 2</subfield>
   <subfield code="t">na 1 měsíc</subfield>
   <subfield code="u">UEP01</subfield>
   <subfield code="w">20110314</subfield>
  </datafield>
  <datafield tag="996" ind1=" " ind2=" ">
   <subfield code="1">PDPZ2</subfield>
   <subfield code="3">F116913b</subfield>
   <subfield code="4">N:G; PC= bez přírůstku; SI=P468</subfield>
   <subfield code="5">3142209488</subfield>
   <subfield code="8">20070302</subfield>
   <subfield code="9">339.5HAB</subfield>
   <subfield code="f">95</subfield>
   <subfield code="l">UEP01</subfield>
   <subfield code="m">BOOK</subfield>
   <subfield code="q">Knihovna Žižkov depoz. 2</subfield>
   <subfield code="t">prezenční - lze objednat</subfield>
   <subfield code="u">UEP01</subfield>
   <subfield code="w">20070720</subfield>
  </datafield>
 </record>
</collection>
